<?xml version="1.0" encoding="UTF-8"?>
<resp>
  <nextPage>https://data.bn.org.pl/api/networks/bibs.marcxml?marc=001+b00001150000528&amp;sinceId=1150000529</nextPage>
  <collection>
    <record xmlns='http://www.loc.gov/MARC21/slim'><leader>00988namZa2200277ZiZ4500</leader><controlfield tag='001'>b00001150000528</controlfield><controlfield tag='005'>20241203220055.3</controlfield><controlfield tag='008'>230609s        pl           |000 0 pol c</controlfield><controlfield tag='009'>9913262185505606</controlfield><datafield ind1=' ' ind2=' ' tag='035'><subfield code='a'>KR_1KR_1_20120317225600027248-48omnis_kr</subfield></datafield><datafield ind1=' ' ind2=' ' tag='035'><subfield code='a'>KR_1_20120317225600027248</subfield><subfield code='9'>ExL</subfield></datafield><datafield ind1=' ' ind2=' ' tag='035'><subfield code='a'>(PL)b00001150000528</subfield></datafield><datafield ind1=' ' ind2=' ' tag='040'><subfield code='a'>KR_1</subfield><subfield code='c'>KR_1</subfield></datafield><datafield ind1='0' ind2=' ' tag='041'><subfield code='a'>pol</subfield></datafield><datafield ind1='0' ind2='0' tag='245'><subfield code='a'>Donos na Wojtyłę /</subfield><subfield code='c'>scen. i reż. Dariusz Walusiak.</subfield><subfield code='h'>[Dokument audiowiz.].</subfield></datafield><datafield ind1=' ' ind2=' ' tag='260'><subfield code='a'>Kraków :</subfield><subfield code='b'>Dom Wydawniczy &quot;Rafael&quot;,</subfield><subfield code='c'>cop. 2007.</subfield></datafield><datafield ind1=' ' ind2=' ' tag='300'><subfield code='a'>1 dysk optyczny VCD ;</subfield><subfield code='c'>12 cm</subfield></datafield><datafield ind1='1' ind2=' ' tag='490'><subfield code='a'>Kościół w godzinie próby : filmowy pakiet katechetyczny</subfield></datafield><datafield ind1=' ' ind2=' ' tag='500'><subfield code='a'>a</subfield></datafield><datafield ind1=' ' ind2=' ' tag='501'><subfield code='a'>Czas trwania 26 min.10 sek. Wraz z filmem scenariusze katechezy.</subfield></datafield><datafield ind1=' ' ind2='9' tag='650'><subfield code='a'>Kościół a państwo</subfield><subfield code='z'>Polska</subfield><subfield code='y'>1944-1989</subfield></datafield><datafield ind1='1' ind2=' ' tag='700'><subfield code='a'>Walusiak, Dariusz</subfield><subfield code='e'>Scen. *reż.</subfield></datafield><datafield ind1=' ' ind2=' ' tag='852'><subfield code='b'>48OMNIS_NETWORK</subfield><subfield code='8'>9913262185505606</subfield></datafield><datafield ind1=' ' ind2=' ' tag='852'><subfield code='b'>48OMNIS_KR</subfield><subfield code='8'>991000005289708216</subfield></datafield></record>
  </collection>
</resp>
